Digital image processing / (Record no. 948)
[ view plain ]
| 000 -LEADER | |
|---|---|
| fixed length control field | 01054nac a22002291u 4500 |
| 010 ## - LIBRARY OF CONGRESS CONTROL NUMBER | |
| LC control number | 2002276271 |
| 020 ## - INTERNATIONAL STANDARD BOOK NUMBER | |
| International Standard Book Number | 8178086298 |
| 082 00 - DEWEY DECIMAL CLASSIFICATION NUMBER | |
| Classification number | 621.367 |
| Item number | G6431 |
| 090 ## - LOCALLY ASSIGNED LC-TYPE CALL NUMBER (OCLC); LOCAL CALL NUMBER (OCLC) | |
| -- | 948 |
| -- | 948 |
| 100 ## - MAIN ENTRY--PERSONAL NAME | |
| Personal name | Gonzalez, Rafael C. |
| 245 10 - TITLE STATEMENT | |
| Title | Digital image processing / |
| Statement of responsibility, etc | Rafael C. Gonzalez, Richard E. Woods. |
| 250 ## - EDITION STATEMENT | |
| Edition statement | 2nd ed. |
| 260 ## - PUBLICATION, DISTRIBUTION, ETC. (IMPRINT) | |
| Place of publication, distribution, etc | New Delhi : |
| Name of publisher, distributor, etc | Pearson Education, |
| Date of publication, distribution, etc | c2002. |
| 300 ## - PHYSICAL DESCRIPTION | |
| Extent | xx, 793 p. : |
| Other physical details | ill. ; |
| Dimensions | 25 cm. |
| 504 ## - BIBLIOGRAPHY, ETC. NOTE | |
| Bibliography, etc | Includes bibliographical references and index. |
| 650 #0 - SUBJECT ADDED ENTRY--TOPICAL TERM | |
| Topical term or geographic name as entry element | Image processing |
| General subdivision | Digital techniques. |
| 700 1# - ADDED ENTRY--PERSONAL NAME | |
| Personal name | Woods, Richard E. |
| Fuller form of name | (Richard Eugene), |
| Dates associated with a name | 1954- |
| 856 41 - ELECTRONIC LOCATION AND ACCESS | |
| Materials specified | Table of contents |
| Uniform Resource Identifier | <a href="http://www.loc.gov/catdir/toc/fy031/2002276271.html">http://www.loc.gov/catdir/toc/fy031/2002276271.html</a> |
| 942 ## - ADDED ENTRY ELEMENTS (KOHA) | |
| Item type | Book - Borrowing |
| Call number prefix | 621.367G6431 |
| Withdrawn status | Item status | Source of classification or shelving scheme | Damaged status | Not for loan | Vendor | Home library | Current library | Shelving location | Date acquired | Source of acquisition | Cost, normal purchase price | Total Checkouts | Total Renewals | Full call number | Barcode | Date last seen | Date last borrowed | Cost, replacement price | Koha item type |
|---|---|---|---|---|---|---|---|---|---|---|---|---|---|---|---|---|---|---|---|
| Dewey Decimal Classification | Central Library | Central Library | First floor | 06/08/2013 | 160.00 | 7 | 35 | 621.367 GON | 000003572 | 15/07/2025 | 19/10/2015 | 200.00 | Book - Borrowing | ||||||
| Dewey Decimal Classification | Central Library | Central Library | First floor | 07/02/2014 | 160.00 | 13 | 77 | 621.367 GON | 000002210 | 15/07/2025 | 02/11/2019 | 200.00 | Book - Borrowing |